Adaptácia objektu Hotela Grand v Pezinku na kultúrno-edukačné centrum

Na minha lista:
Detalhes bibliográficos
Autor principal: Mikátová, Dominika (Author)
Outros Autores: Bartošová, Nina (Thesis advisor)
Formato: Manuscrito Livro
Idioma:eslovaco
Publicado em: Bratislava 2021
Assuntos:
Acesso em linha:http://is.stuba.sk/zp/portal_zp.pl?podrobnosti=157520
Tags: Adicionar Tag
Sem tags, seja o primeiro a adicionar uma tag!

MARC

LEADER 00000ntm a22000003a 4500
001 stuzp83615
003 SK-STU
005 20220218111058.9
007 ta
008 150427s2015----xo-----f-mn---000-0-slo-d
040 |a STU  |b slo 
041 0 |a slo 
100 1 |a Mikátová, Dominika  |u 053130  |4 aut  |U FAD Fakulta architektúry a dizajnu  |T FAD Ústav dejín a teórie architektúry a obnovy pamiatok  |X 82313  |U A3130  |Y 394  |7 82313 
242 0 1 |a Adaptation of the Hotel Grand building in Pezinok into a cultural and educational centre  |y eng 
245 1 0 |a Adaptácia objektu Hotela Grand v Pezinku na kultúrno-edukačné centrum 
260 |c 2021  |a Bratislava 
650 4 |a adaptácia  |2 slo 
650 4 |a kultúra  |2 slo 
650 4 |a vzdelanie  |2 slo 
650 4 |a culture  |2 eng 
650 4 |a adaptation  |2 eng 
650 4 |a education  |2 eng 
700 1 |a Bartošová, Nina  |u 053130  |k Z1  |4 ths  |U FAD Fakulta architektúry a dizajnu  |T FAD Ústav dejín a teórie architektúry a obnovy pamiatok  |X 15769  |U A3130  |Y 394  |7 A000015769 
856 4 |u http://is.stuba.sk/zp/portal_zp.pl?podrobnosti=157520  |u https://opac.crzp.sk/?fn=detailBiblioForm&sid=0C216CD716E182230C2C0DAAC853